000 00573nam a2200229Ia 4500
003 OSt
005 20221005121425.0
006 a|||||r|||| 00| 0
007 ta
008 221004b |||||||| |||| 00| 0 urd d
024 _a113399
037 _cTextual
040 _aCRL
_cCRL
_burd
041 _2urd
_aurd
082 _aO168,6M89w, K2
100 _aNawab Jang Bahadur
_9630592
245 0 _aHayat e masood
260 _c1962
650 _aURDU LITERATURE
942 _hO168,6M89w, K2
_cTEXL
_2cc
999 _c1041123
_d1041123